<?xml version="1.0" encoding="UTF-8"?>
<record
    xmlns:xsi="http://www.w3.org/2001/XMLSchema-instance"
    xsi:schemaLocation="http://www.loc.gov/MARC21/slim http://www.loc.gov/standards/marcxml/schema/MARC21slim.xsd"
    xmlns="http://www.loc.gov/MARC21/slim">

  <leader>00408nam a22001697a 4500</leader>
  <controlfield tag="003">OSt</controlfield>
  <controlfield tag="005">20240111122011.0</controlfield>
  <controlfield tag="008">240111b        |||||||| |||| 00| 0 eng d</controlfield>
  <datafield tag="020" ind1=" " ind2=" ">
    <subfield code="a">9789354664762</subfield>
  </datafield>
  <datafield tag="040" ind1=" " ind2=" ">
    <subfield code="c">IIMT UNIVERSITY</subfield>
  </datafield>
  <datafield tag="100" ind1=" " ind2=" ">
    <subfield code="a">B D CHAURASIA'S </subfield>
  </datafield>
  <datafield tag="245" ind1=" " ind2=" ">
    <subfield code="a">B D CHAURASIA'S HAMAN ANATOMY VOL -2</subfield>
  </datafield>
  <datafield tag="250" ind1=" " ind2=" ">
    <subfield code="a">9TH</subfield>
  </datafield>
  <datafield tag="260" ind1=" " ind2=" ">
    <subfield code="a">NEW DELHI</subfield>
    <subfield code="b">CBS </subfield>
    <subfield code="c">2024</subfield>
  </datafield>
  <datafield tag="300" ind1=" " ind2=" ">
    <subfield code="a">532</subfield>
  </datafield>
  <datafield tag="942" ind1=" " ind2=" ">
    <subfield code="2">ddc</subfield>
    <subfield code="c">02</subfield>
    <subfield code="e">9TH</subfield>
  </datafield>
  <datafield tag="999" ind1=" " ind2=" ">
    <subfield code="c">57960</subfield>
    <subfield code="d">57960</subfield>
  </datafield>
  <datafield tag="952" ind1=" " ind2=" ">
    <subfield code="0">0</subfield>
    <subfield code="1">0</subfield>
    <subfield code="2">ddc</subfield>
    <subfield code="4">0</subfield>
    <subfield code="7">0</subfield>
    <subfield code="a">01</subfield>
    <subfield code="b">01</subfield>
    <subfield code="d">2024-01-11</subfield>
    <subfield code="e">ARISTA PUBLISHER</subfield>
    <subfield code="f">ALLIED SCI</subfield>
    <subfield code="g">925.00</subfield>
    <subfield code="i">HO/IN/105,,06-01-2024</subfield>
    <subfield code="l">3</subfield>
    <subfield code="p">01-B-141255</subfield>
    <subfield code="q">2027-03-31</subfield>
    <subfield code="r">2025-09-08</subfield>
    <subfield code="s">2025-09-08</subfield>
    <subfield code="u">BNYS</subfield>
    <subfield code="w">2024-01-11</subfield>
    <subfield code="y">02</subfield>
  </datafield>
  <datafield tag="952" ind1=" " ind2=" ">
    <subfield code="0">0</subfield>
    <subfield code="1">0</subfield>
    <subfield code="2">ddc</subfield>
    <subfield code="4">0</subfield>
    <subfield code="7">0</subfield>
    <subfield code="a">01</subfield>
    <subfield code="b">01</subfield>
    <subfield code="d">2024-01-11</subfield>
    <subfield code="e">ARISTA PUBLISHER</subfield>
    <subfield code="f">ALLIED SCI</subfield>
    <subfield code="g">925.00</subfield>
    <subfield code="i">HO/IN/105,,06-01-2024</subfield>
    <subfield code="l">4</subfield>
    <subfield code="p">01-B-141256</subfield>
    <subfield code="q">2026-08-15</subfield>
    <subfield code="r">2025-08-14</subfield>
    <subfield code="s">2025-08-14</subfield>
    <subfield code="u">BNYS</subfield>
    <subfield code="w">2024-01-11</subfield>
    <subfield code="y">02</subfield>
  </datafield>
  <datafield tag="952" ind1=" " ind2=" ">
    <subfield code="0">0</subfield>
    <subfield code="1">0</subfield>
    <subfield code="2">ddc</subfield>
    <subfield code="4">0</subfield>
    <subfield code="7">0</subfield>
    <subfield code="a">01</subfield>
    <subfield code="b">01</subfield>
    <subfield code="d">2024-01-11</subfield>
    <subfield code="e">ARISTA PUBLISHER</subfield>
    <subfield code="f">ALLIED SCI</subfield>
    <subfield code="g">925.00</subfield>
    <subfield code="i">HO/IN/105,,06-01-2024</subfield>
    <subfield code="l">3</subfield>
    <subfield code="p">01-B-141257</subfield>
    <subfield code="q">2026-08-15</subfield>
    <subfield code="r">2025-08-19</subfield>
    <subfield code="s">2025-08-19</subfield>
    <subfield code="u">BNYS</subfield>
    <subfield code="w">2024-01-11</subfield>
    <subfield code="y">02</subfield>
  </datafield>
  <datafield tag="952" ind1=" " ind2=" ">
    <subfield code="0">0</subfield>
    <subfield code="1">0</subfield>
    <subfield code="2">ddc</subfield>
    <subfield code="4">0</subfield>
    <subfield code="7">0</subfield>
    <subfield code="a">01</subfield>
    <subfield code="b">01</subfield>
    <subfield code="d">2024-01-11</subfield>
    <subfield code="e">ARISTA PUBLISHER</subfield>
    <subfield code="f">ALLIED SCI</subfield>
    <subfield code="g">925.00</subfield>
    <subfield code="i">HO/IN/105,,06-01-2024</subfield>
    <subfield code="l">2</subfield>
    <subfield code="p">01-B-141258</subfield>
    <subfield code="q">2025-11-30</subfield>
    <subfield code="r">2024-09-05</subfield>
    <subfield code="s">2024-09-05</subfield>
    <subfield code="u">BNYS</subfield>
    <subfield code="w">2024-01-11</subfield>
    <subfield code="y">02</subfield>
  </datafield>
  <datafield tag="952" ind1=" " ind2=" ">
    <subfield code="0">0</subfield>
    <subfield code="1">0</subfield>
    <subfield code="2">ddc</subfield>
    <subfield code="4">0</subfield>
    <subfield code="7">0</subfield>
    <subfield code="a">01</subfield>
    <subfield code="b">01</subfield>
    <subfield code="d">2024-01-11</subfield>
    <subfield code="e">ARISTA PUBLISHER</subfield>
    <subfield code="f">ALLIED SCI</subfield>
    <subfield code="g">925.00</subfield>
    <subfield code="i">HO/IN/105,,06-01-2024</subfield>
    <subfield code="l">2</subfield>
    <subfield code="p">01-B-141259</subfield>
    <subfield code="q">2025-11-30</subfield>
    <subfield code="r">2024-09-05</subfield>
    <subfield code="s">2024-09-05</subfield>
    <subfield code="u">BNYS</subfield>
    <subfield code="w">2024-01-11</subfield>
    <subfield code="y">02</subfield>
  </datafield>
</record>
